| 000 | 02945nam0a2200445 4500 | ||
|---|---|---|---|
| 001 | RU\NLR\BIBL_A\022367302 | ||
| 005 | 20241225143333.0 | ||
| 010 |
_a978-5-9610-0433-5 _9150 |
||
| 021 |
_aRU _bКН-П-24-056172 _9КН-П-24-5596 |
||
| 035 | _a(NLR Aleph) 022367302 | ||
| 090 |
_a13327891 _c13327891 |
||
| 100 | _a20241030d2023 k y0rusy50 ca | ||
| 101 | 1 |
_arus _aeng _deng _erus _eeng |
|
| 102 | _aRU | ||
| 105 | _aac z 101zy | ||
| 181 | 0 |
_ai3 _baxxe |
|
| 182 | 1 | _an | |
| 200 | 1 |
_aРегиональные проблемы развития Дальнего Востока России и Арктики _dRegional problems of development of the Far East of Russia and Arctic _eматериалы Международной научно-практической конференции "III Моисеевские чтения", посвященной памяти камчатского ученого Р. С. Моисеева, 7-8 декабря 2023 г. _fПравительство Камчатского края, Камчатский филиал ФГБУН Тихоокеанский институт географии ДВО РАН [и др.] _gредакционная коллегия: ... С.Г. Коростелев, д.б.н. (отв. редактор) [и др.] _zeng |
|
| 203 |
_aТекст _bвизуальный _cнепосредственный |
||
| 210 |
_aПетропавловск-Камчатский _cКамчатпресс _d2023 |
||
| 215 |
_a201 с. _cил., портр. _d21 |
||
| 300 | _aПредисл. парал. на англ. яз. | ||
| 300 | _aРез. на англ. яз. | ||
| 320 | _aБиблиогр. в конце докл. | ||
| 320 | _aАлф. указ. авт.: с. 195 | ||
| 510 | 1 |
_aRegional problems of development of the Far East of Russia and Arctic _zeng |
|
| 606 | 1 |
_aРегиональная экономика _yРоссийская Федерация _yДальний Восток _jСъезды, совещания и т.п _2nlr_sh1 _2nlr_sh2 _3RU\NLR\AUTH\661276727 |
|
| 607 |
_aАрктика _xСоциально-экономическое развитие _jСъезды, совещания и т.п _2nlr_sh2 _3RU\NLR\AUTH\6601631493 |
||
| 686 | 1 | _aУ04(2Р55)9я431 | |
| 686 | 1 | _aУ03(881)63я431 | |
| 686 | 1 | _aУ03(2Р1)74я431 | |
| 702 | 1 |
_aМоисеев _bР. С. _f1937-2007 _gРоберт Савельевич _3RU\NLR\AUTH\7766363 _4570 |
|
| 702 | 1 |
_aКоростелев _bС.Г. _4340 |
|
| 711 | 1 | 2 |
_aМоисеевские чтения _d3 _f2023 _eПетропавловск-Камчатский _3RU\NLR\AUTH\880618004 |
| 712 | 0 | 1 |
_aКамчатский край _bПравительство _3RU\NLR\AUTH\880501497 _4570 |
| 942 | _cBOOK | ||
| 980 | _aNB | ||